01354nam a2200277 a 450000100100000000500170001000800410002702000180006804000250008608200190011110000470013024500630017726000390024030000200027950000570029959000260035665000280038265000310041071000770044191000370051895201320055595201320068795201170081995201230093699900170105900004463420240412074303.0141210s2014 dr r 000 p spa d a9789945475968 aDO-SdBNPbspacBNPHU aRD861.4bM843p1 aMoreno Jimenes, Domingo,d1894-198691953413aEl poema de la hija reintegrada /cDomingo Moreno Jimenes. aSanto Domingo :bFerilibro,c2014. a34 p. ;c20 cm. aIncluye datos biográficos del autor en las solapas aInventariado, 2018/BT 0aPoesía dominicana966 0aLiteratura dominicana.9671 aRepública Dominicana. Dirección General de la Feria del Libro972654 aValidado. Control de calidad MFF 001054708DSaGRbGRcHDd2014-12-10iLF1l0oRD861.4 M843pp44634-30r2020-06-25te. 3w2020-06-25yLFDSZPréstamo en sala 001054708DSaGRbGRcHDd2018-07-23iLF1l0oRD861.4 M843pp44634-40r2020-06-25te. 4w2020-06-25yLFDSZPréstamo en sala 0010718PDaPDbPDcHDd2014-12-10iLF1l0oRD861.4 M843pp44634-10r2020-06-25w2020-06-25yLFPDZNo se presta 0010718PDaPDbPDcHDd2014-12-10iLF1l0oRD861.4 M843pp44634-20r2020-06-25te. 2w2020-06-25yLFPDZNo se presta c44123d44123